LEADER 03019 am 2200517 n 450 001 9910328153903321 005 20180810 010 $a2-7535-6145-1 024 7 $a10.4000/books.pur.74162 035 $a(CKB)4100000008496708 035 $a(FrMaCLE)OB-pur-74162 035 $a(oapen)https://directory.doabooks.org/handle/20.500.12854/49503 035 $a(PPN)236940643 035 $a(EXLCZ)994100000008496708 100 $a20190620j|||||||| ||| 0 101 0 $afre 135 $auu||||||m|||| 181 $ctxt$2rdacontent 182 $cc$2rdamedia 183 $acr$2rdacarrier 200 10$aHollywood à Shanghai $eL'épopée des studios Lianhua, 1930-1948 /$fAnne Kerlan 210 $aRennes $cPresses universitaires de Rennes$d2018 215 $a1 online resource (458 p.) 311 $a2-7535-4139-6 330 $aEn 1930, un groupe d'entrepreneurs chinois vivant entre Shanghai, Hong Kong et Pékin, fondent une des plus grandes compagnies cinématographiques de l'époque, la Lianhua. La Chine est alors une nation jeune et vulnérable et leur projet est autant économique que politique. La compagnie ambitionne de donner ses lettres de noblesse au cinéma chinois et de concurrencer les Majors américaines qui dominent le marché du film. À Shanghai, elle projette de bâtir un « Hollywood oriental ». Un immense complexe de production voit alors le jour, sorte de microcosme idéal où l'art et la culture doivent servir le projet de construction nationale. Les acteurs, réalisateurs, techniciens de la Lianhua comptent parmi les plus grands de l'époque. Leurs films attestent de leur exigence artistique, combinant la volonté de s'approprier le cinéma hollywoodien et d'explorer l'art cinématographique à la nécessité de dénoncer les problèmes du pays. Ce projet connut bien des difficultés. La guerre avec le Japon en 1937 marqua un premier coup d'arrêt, brutal. Les dissensions de l'immédiat après-guerre l'achevèrent. Mais, même après sa disparition en 1948, son héritage se transmit dans l'espace chinois. Cet ouvrage retrace l'histoire de la Lianhua entre 1930 et 1948, examinant, à travers les heurs et malheurs d'une grande compagnie cinématographique, l'aventure des hommes et de leurs films. C'est à la fois le cinéma d'avant la Chine communiste et le destin d'une communauté culturelle d'exception qui sont révélés. 606 $aFilm Radio Television 606 $acinéma 606 $aHollywood 606 $aShanghai 606 $astudio 610 $astudio 610 $aHollywood 610 $aShanghai 610 $acinéma 615 4$aFilm Radio Television 615 4$acinéma 615 4$aHollywood 615 4$aShanghai 615 4$astudio 700 $aKerlan$b Anne$01318322 701 $aDelage$b Christian$01191514 801 0$bFR-FrMaCLE 906 $aBOOK 912 $a9910328153903321 996 $aHollywood à Shanghai$93033661 997 $aUNINA LEADER 01107nam0-2200397---450 001 990009110330403321 005 20230906093456.0 010 $a978-88-420-8570-6 035 $a000911033 035 $aFED01000911033 035 $a(Aleph)000911033FED01 035 $a000911033 100 $a20091029d2008----km-y0itay50------ba 101 1 $aita 102 $aIT 105 $a--------001yy 200 1 $aVita liquida$fZygmunt Bauman$gtraduzione di Marco Cupellaro 205 $a4 ed. 210 $aBari$cGLF Laterza$d©2008 215 $aXXIII, 188 p.$d21 cm 225 1 $aEconomica Laterza$v455 300 $acontiene indice analitico 610 0 $aSocietà$aSec. 20 676 $a301.04$v21$zita 676 $a306.0904$v21$zita 700 1$aBauman,$bZygmunt$f<1925- >$0124491 702 1$aCupellaro,$bMarco 801 0$aIT$bUNINA$gRICA$2UNIMARC 901 $aBK 912 $a990009110330403321 952 $a301.01 BAU 7$b4687$fBFS 952 $a301.01 BAU 7 BIS$b4755$fbfs 952 $a301.01 BAU 7 TER$b10327$fbfs 959 $aBFS 996 $aLiquid life$914166 997 $aUNINA